000 00989nas a2200301 4500
001 BR2012008039
003 BR-BrBNA
005 20231205121401.0
007 ta
008 230509b bl.|||p| |||| 00| 00por d
040 _aBR-BrBNA
_bpor
_cBiblioteca Nacional de Agricultura
041 _a(Pt)
072 _aF06; F62; P06
100 1 _aHorschutz, A.C.O.
100 1 _aTeixeira, M.B.
100 1 _aAlves, J.M.
100 1 _aSilva, F.G.
100 1 _aSilva, N.F. da
245 1 _aCrescimento e produtividade do pinhão-manso em função do espaçamento e irrigação
650 _aJATROPHA CURCAS
650 _aPLANTA OLEAGINOSA
650 _aÁREA FOLIAR
650 _aBIOCOMBUSTÍVEL
773 0 _tRevista Brasileira de Engenharia Agrícola e Ambiental (Brazil)
_xISSN 1807-1929
_g(Oct-2012), v.16(10) p. 1093-1099
_wBR2012008039
856 4 0 _uhttp://www.agriambi.com.br/revista/v16n10/v16n10a09.pdf
909 _a202311
_bLúcia
_c55
_dLúcia Elande
942 _2AGRIS
_n0
_cANA
999 _c223285
_d223285